Revista más salud : (Registro nro. 2855)
[ vista simple ]
| 000 -LEADER | |
|---|---|
| campo de control de longitud fija | 01229nam a22002177a 4500 |
| 001 - NÚMERO DE CONTROL | |
| campo de control | 2855 |
| 005 - FECHA Y HORA DE LA ÚLTIMA TRANSACCIÓN | |
| campo de control | 20251017111032.0 |
| 008 - DATOS DE LONGITUD FIJA--INFORMACIÓN GENERAL | |
| campo de control de longitud fija | 251017e2004 cl n|jqrn|||l00| 0 spa |
| 040 ## - FUENTE DE CATALOGACIÓN | |
| Centro catalogador/agencia de origen | hms |
| Centro/agencia transcriptor | spa |
| Centro/agencia modificador | hms |
| 110 1# - ENTRADA PRINCIPAL--NOMBRE DE ENTIDAD CORPORATIVA | |
| Nombre de entidad corporativa o nombre de jurisdicción como elemento de entrada | Ejercito de Chile |
| Unidad subordinada | Hospital Militar de Santiago |
| 9 (RLIN) | 697 |
| 245 10 - MENCIÓN DEL TÍTULO | |
| Título | Revista más salud : |
| Resto del título | Enfermedades respiratorias / |
| Mención de responsabilidad, etc. | Director General CRL. Antonio Cordero Kehr ; MAY. Patricio Hernández ; Redacción periodística Macarena Sánchez. |
| Medio | [recurso electrónico] |
| Número de parte o sección de la obra | N°5 |
| 246 30 - FORMA VARIANTE DEL TITULO | |
| Título propio/Titulo breve | Enfermedades respiratorias. |
| 250 ## - MENCION DE EDICION | |
| Mención de edición | Julio 2004 |
| 260 ## - PUBLICACIÓN, DISTRIBUCIÓN, ETC. | |
| Lugar de publicación, distribución, etc. | Santiago de Chile : |
| Nombre del editor, distribuidor, etc. | s/i, |
| Fecha de publicación, distribución, etc. | 2004 |
| 300 ## - DESCRIPCIÓN FÍSICA | |
| Extensión | 19 páginas : |
| Otras características físicas | ilustraciones ; |
| Dimensiones | 28 cm. |
| 500 ## - NOTA GENERAL | |
| Nota general | Incluye índice |
| 505 ## - NOTA DE CONTENIDO CON FORMATO | |
| Nota de contenido con formato | Editorial. -- Con vista a la cordillera. -- De todo un poco. -- Reportaje: contaminación. -- Reportaje: cáncer pulmonar. -- Enfermedades respiratorias: tabaquismo, apnea del sueño, Asma, Virus sincicial e infecciones respiratorias en niños , Enfermedades pulmonar obstructiva crónica (EPOC), Tuberculosis (TBC), Neumonía, Sinusitis e infecciones respiratorias. |
| 650 #7 - PUNTO DE ACCESO ADICIONAL DE MATERIA--TÉRMINO DE MATERIA | |
| Término de materia o nombre geográfico como elemento de entrada | Hospitales Militares |
| Subdivisión general | Enfermedades respiratorias. |
| Subdivisión geográfica | Chile |
| 9 (RLIN) | 4454 |
| 856 40 - LOCALIZACIÓN Y ACCESO ELECTRÓNICOS | |
| Identificador Uniforme de Recursos | <a href="https://nube.hms.cl/index.php/s/RKiEDpbL9bpNmob">https://nube.hms.cl/index.php/s/RKiEDpbL9bpNmob</a> |
| 942 ## - ELEMENTOS DE ENTRADA SECUNDARIOS (KOHA) | |
| Fuente del sistema de clasificación o colocación | Otra/Esquema de Clasificación Genérico |
| Suprimir en OPAC | No |
| Tipo de ítem Koha | Colección de Hemeroteca |
| Estatus retirado | Estado de pérdida | Fuente del sistema de clasificación o colocación | Estado de daño | No para préstamo | Colección | Biblioteca de origen | Biblioteca actual | Ubicación en estantería | Fecha de adquisición | Número de inventario | Total de préstamos | Signatura topográfica completa | Código de barras | Visto por última vez | Copia número | Precio de reemplazo | Tipo de ítem Koha |
|---|---|---|---|---|---|---|---|---|---|---|---|---|---|---|---|---|---|
| Otra/Esquema de Clasificación Genérico | Colección Reserva | Biblioteca Hospital Militar de Santiago | Biblioteca Hospital Militar de Santiago | Full Space | 17/10/2025 | 2345 | No. 5 Jul. 2004 | 2345 | 17/10/2025 | c.1 | 17/10/2025 | Colección de Hemeroteca |
